<?xml version="1.0" encoding="UTF-8"?>
<record
    xmlns:xsi="http://www.w3.org/2001/XMLSchema-instance"
    xsi:schemaLocation="http://www.loc.gov/MARC21/slim http://www.loc.gov/standards/marcxml/schema/MARC21slim.xsd"
    xmlns="http://www.loc.gov/MARC21/slim">

  <leader>00395nam a22001697a 4500</leader>
  <controlfield tag="003">OSt</controlfield>
  <controlfield tag="005">20211001142535.0</controlfield>
  <controlfield tag="008">211001b        |||||||| |||| 00| 0 eng d</controlfield>
  <datafield tag="020" ind1=" " ind2=" ">
    <subfield code="a">100547220227</subfield>
  </datafield>
  <datafield tag="040" ind1=" " ind2=" ">
    <subfield code="c">HU</subfield>
  </datafield>
  <datafield tag="082" ind1=" " ind2=" ">
    <subfield code="2">14in</subfield>
    <subfield code="a">658.8/PRI</subfield>
  </datafield>
  <datafield tag="100" ind1=" " ind2=" ">
    <subfield code="a">Dr.Todd Donavan</subfield>
    <subfield code="9">9104</subfield>
  </datafield>
  <datafield tag="245" ind1=" " ind2=" ">
    <subfield code="a">Marketing</subfield>
  </datafield>
  <datafield tag="260" ind1=" " ind2=" ">
    <subfield code="a">Australly</subfield>
    <subfield code="b">CENGAGE Learning</subfield>
    <subfield code="c">2008</subfield>
  </datafield>
  <datafield tag="300" ind1=" " ind2=" ">
    <subfield code="a">574</subfield>
  </datafield>
  <datafield tag="942" ind1=" " ind2=" ">
    <subfield code="2">ddc</subfield>
    <subfield code="c">BOOKS</subfield>
    <subfield code="n">0</subfield>
  </datafield>
  <datafield tag="999" ind1=" " ind2=" ">
    <subfield code="c">8475</subfield>
    <subfield code="d">8475</subfield>
  </datafield>
  <datafield tag="952" ind1=" " ind2=" ">
    <subfield code="0">0</subfield>
    <subfield code="1">0</subfield>
    <subfield code="2">ddc</subfield>
    <subfield code="4">0</subfield>
    <subfield code="7">0</subfield>
    <subfield code="a">001</subfield>
    <subfield code="b">001</subfield>
    <subfield code="c">GEN</subfield>
    <subfield code="d">2021-10-01</subfield>
    <subfield code="l">0</subfield>
    <subfield code="o">658.8/PRI</subfield>
    <subfield code="p">NSCLIB000015108</subfield>
    <subfield code="r">2021-10-01 00:00:00</subfield>
    <subfield code="t">1</subfield>
    <subfield code="w">2021-10-01</subfield>
    <subfield code="y">BOOKS</subfield>
  </datafield>
  <datafield tag="952" ind1=" " ind2=" ">
    <subfield code="0">0</subfield>
    <subfield code="1">0</subfield>
    <subfield code="2">ddc</subfield>
    <subfield code="4">0</subfield>
    <subfield code="7">0</subfield>
    <subfield code="a">001</subfield>
    <subfield code="b">001</subfield>
    <subfield code="c">GEN</subfield>
    <subfield code="d">2021-10-01</subfield>
    <subfield code="l">0</subfield>
    <subfield code="o">658.8/PRI</subfield>
    <subfield code="p">NSCLIB000015109</subfield>
    <subfield code="r">2021-10-01 00:00:00</subfield>
    <subfield code="t">2</subfield>
    <subfield code="w">2021-10-01</subfield>
    <subfield code="y">BOOKS</subfield>
  </datafield>
  <datafield tag="952" ind1=" " ind2=" ">
    <subfield code="0">0</subfield>
    <subfield code="1">0</subfield>
    <subfield code="2">ddc</subfield>
    <subfield code="4">0</subfield>
    <subfield code="7">0</subfield>
    <subfield code="a">001</subfield>
    <subfield code="b">001</subfield>
    <subfield code="c">GEN</subfield>
    <subfield code="d">2021-10-01</subfield>
    <subfield code="l">0</subfield>
    <subfield code="o">658.8/PRI</subfield>
    <subfield code="p">NSCLIB000015110</subfield>
    <subfield code="r">2021-10-01 00:00:00</subfield>
    <subfield code="t">3</subfield>
    <subfield code="w">2021-10-01</subfield>
    <subfield code="y">BOOKS</subfield>
  </datafield>
  <datafield tag="952" ind1=" " ind2=" ">
    <subfield code="0">0</subfield>
    <subfield code="1">0</subfield>
    <subfield code="2">ddc</subfield>
    <subfield code="4">0</subfield>
    <subfield code="7">0</subfield>
    <subfield code="a">001</subfield>
    <subfield code="b">001</subfield>
    <subfield code="c">GEN</subfield>
    <subfield code="d">2021-10-01</subfield>
    <subfield code="l">0</subfield>
    <subfield code="o">658.8/PRI</subfield>
    <subfield code="p">NSCLIB000015111</subfield>
    <subfield code="r">2021-10-01 00:00:00</subfield>
    <subfield code="t">4</subfield>
    <subfield code="w">2021-10-01</subfield>
    <subfield code="y">BOOKS</subfield>
  </datafield>
  <datafield tag="952" ind1=" " ind2=" ">
    <subfield code="0">0</subfield>
    <subfield code="1">0</subfield>
    <subfield code="2">ddc</subfield>
    <subfield code="4">0</subfield>
    <subfield code="7">0</subfield>
    <subfield code="a">001</subfield>
    <subfield code="b">001</subfield>
    <subfield code="c">GEN</subfield>
    <subfield code="d">2021-10-01</subfield>
    <subfield code="l">0</subfield>
    <subfield code="o">658.8/PRI</subfield>
    <subfield code="p">NSCLIB000015112</subfield>
    <subfield code="r">2021-10-01 00:00:00</subfield>
    <subfield code="t">5</subfield>
    <subfield code="w">2021-10-01</subfield>
    <subfield code="y">BOOKS</subfield>
  </datafield>
  <datafield tag="952" ind1=" " ind2=" ">
    <subfield code="0">0</subfield>
    <subfield code="1">0</subfield>
    <subfield code="2">ddc</subfield>
    <subfield code="4">0</subfield>
    <subfield code="7">0</subfield>
    <subfield code="a">001</subfield>
    <subfield code="b">001</subfield>
    <subfield code="c">GEN</subfield>
    <subfield code="d">2021-10-01</subfield>
    <subfield code="l">0</subfield>
    <subfield code="o">658.8/PRI</subfield>
    <subfield code="p">NSCLIB000015113</subfield>
    <subfield code="r">2021-10-01 00:00:00</subfield>
    <subfield code="t">6</subfield>
    <subfield code="w">2021-10-01</subfield>
    <subfield code="y">BOOKS</subfield>
  </datafield>
  <datafield tag="952" ind1=" " ind2=" ">
    <subfield code="0">0</subfield>
    <subfield code="1">0</subfield>
    <subfield code="2">ddc</subfield>
    <subfield code="4">0</subfield>
    <subfield code="7">0</subfield>
    <subfield code="a">001</subfield>
    <subfield code="b">001</subfield>
    <subfield code="c">GEN</subfield>
    <subfield code="d">2021-10-01</subfield>
    <subfield code="l">0</subfield>
    <subfield code="o">658.8/PRI</subfield>
    <subfield code="p">NSCLIB000015114</subfield>
    <subfield code="r">2021-10-01 00:00:00</subfield>
    <subfield code="t">7</subfield>
    <subfield code="w">2021-10-01</subfield>
    <subfield code="y">BOOKS</subfield>
  </datafield>
  <datafield tag="952" ind1=" " ind2=" ">
    <subfield code="0">0</subfield>
    <subfield code="1">0</subfield>
    <subfield code="2">ddc</subfield>
    <subfield code="4">0</subfield>
    <subfield code="7">0</subfield>
    <subfield code="a">001</subfield>
    <subfield code="b">001</subfield>
    <subfield code="c">GEN</subfield>
    <subfield code="d">2021-10-01</subfield>
    <subfield code="l">0</subfield>
    <subfield code="o">658.8/PRI</subfield>
    <subfield code="p">NSCLIB000015115</subfield>
    <subfield code="r">2021-10-01 00:00:00</subfield>
    <subfield code="t">8</subfield>
    <subfield code="w">2021-10-01</subfield>
    <subfield code="y">BOOKS</subfield>
  </datafield>
  <datafield tag="952" ind1=" " ind2=" ">
    <subfield code="0">0</subfield>
    <subfield code="1">0</subfield>
    <subfield code="2">ddc</subfield>
    <subfield code="4">0</subfield>
    <subfield code="7">0</subfield>
    <subfield code="a">001</subfield>
    <subfield code="b">001</subfield>
    <subfield code="c">GEN</subfield>
    <subfield code="d">2021-10-01</subfield>
    <subfield code="l">0</subfield>
    <subfield code="o">658.8/PRI</subfield>
    <subfield code="p">NSCLIB000015116</subfield>
    <subfield code="r">2021-10-01 00:00:00</subfield>
    <subfield code="t">9</subfield>
    <subfield code="w">2021-10-01</subfield>
    <subfield code="y">BOOKS</subfield>
  </datafield>
  <datafield tag="952" ind1=" " ind2=" ">
    <subfield code="0">0</subfield>
    <subfield code="1">0</subfield>
    <subfield code="2">ddc</subfield>
    <subfield code="4">0</subfield>
    <subfield code="7">0</subfield>
    <subfield code="a">001</subfield>
    <subfield code="b">001</subfield>
    <subfield code="c">GEN</subfield>
    <subfield code="d">2021-10-01</subfield>
    <subfield code="l">0</subfield>
    <subfield code="o">658.8/PRI</subfield>
    <subfield code="p">NSCLIB000015117</subfield>
    <subfield code="r">2021-10-01 00:00:00</subfield>
    <subfield code="t">10</subfield>
    <subfield code="w">2021-10-01</subfield>
    <subfield code="y">BOOKS</subfield>
  </datafield>
  <datafield tag="952" ind1=" " ind2=" ">
    <subfield code="0">0</subfield>
    <subfield code="1">0</subfield>
    <subfield code="2">ddc</subfield>
    <subfield code="4">0</subfield>
    <subfield code="7">0</subfield>
    <subfield code="a">001</subfield>
    <subfield code="b">001</subfield>
    <subfield code="c">GEN</subfield>
    <subfield code="d">2021-10-01</subfield>
    <subfield code="l">0</subfield>
    <subfield code="o">658.8/PRI</subfield>
    <subfield code="p">NSCLIB000015118</subfield>
    <subfield code="r">2021-10-01 00:00:00</subfield>
    <subfield code="t">11</subfield>
    <subfield code="w">2021-10-01</subfield>
    <subfield code="y">BOOKS</subfield>
  </datafield>
  <datafield tag="952" ind1=" " ind2=" ">
    <subfield code="0">0</subfield>
    <subfield code="1">0</subfield>
    <subfield code="2">ddc</subfield>
    <subfield code="4">0</subfield>
    <subfield code="7">0</subfield>
    <subfield code="a">001</subfield>
    <subfield code="b">001</subfield>
    <subfield code="c">GEN</subfield>
    <subfield code="d">2021-10-01</subfield>
    <subfield code="l">0</subfield>
    <subfield code="o">658.8/PRI</subfield>
    <subfield code="p">NSCLIB000015119</subfield>
    <subfield code="r">2021-10-01 00:00:00</subfield>
    <subfield code="t">12</subfield>
    <subfield code="w">2021-10-01</subfield>
    <subfield code="y">BOOKS</subfield>
  </datafield>
  <datafield tag="952" ind1=" " ind2=" ">
    <subfield code="0">0</subfield>
    <subfield code="1">0</subfield>
    <subfield code="2">ddc</subfield>
    <subfield code="4">0</subfield>
    <subfield code="7">0</subfield>
    <subfield code="a">001</subfield>
    <subfield code="b">001</subfield>
    <subfield code="c">GEN</subfield>
    <subfield code="d">2021-10-01</subfield>
    <subfield code="o">658.8/PRI</subfield>
    <subfield code="p">NSCLIB000015120</subfield>
    <subfield code="r">2021-10-01 00:00:00</subfield>
    <subfield code="t">14</subfield>
    <subfield code="w">2021-10-01</subfield>
    <subfield code="y">BOOKS</subfield>
  </datafield>
</record>
